-
MINIYAR, DR PANKAJ. B. PATWARDHAN, MRS. SUNETRA K. AND GOKHALE, S.B
Entry Personal Name
Number of records used in: 1
001 - CONTROL NUMBER
003 - CONTROL NUMBER IDENTIFIER
005 - DATE AND TIME OF LATEST TRANSACTION
- control field:
20240109150858.0
008 - FIXED-LENGTH DATA ELEMENTS
- fixed length control field:
240109|| aca||aabn | a|a d
040 ## - CATALOGING SOURCE
- Original cataloging agency:
JRU
- Transcribing agency:
JRU
100 ## - HEADING--PERSONAL NAME
- Personal name:
MINIYAR, DR PANKAJ. B. PATWARDHAN, MRS. SUNETRA K. AND GOKHALE, S.B
670 ## - SOURCE DATA FOUND
- Source citation:
Work cat.: (JRU)5939: MINIYAR, DR PANKAJ. B. PATWARDHAN, MRS. SUNETRA K. AND GOKHALE, S.B, NATURAL PRODUCT CHEMISTRY simplified [semester-vi]